Welcome to CU Library Online Public Access Catalogue (OPAC)

Laboratory Manual / (Record no. 2297)

MARC details
000 -LEADER
fixed length control field 00488nam a22001577a 4500
005 - DATE AND TIME OF LATEST TRANSACTION
control field 20241215163817.0
008 - FIXED-LENGTH DATA ELEMENTS--GENERAL INFORMATION
fixed length control field 241215b |||||||| |||| 00| 0 eng d
020 ## - INTERNATIONAL STANDARD BOOK NUMBER
International Standard Book Number 9780072438161
050 ## - LIBRARY OF CONGRESS CALL NUMBER
Classification number QP34.5
Item number .S23
100 ## - MAIN ENTRY--PERSONAL NAME
Personal name Wise, Eric
245 ## - TITLE STATEMENT
Title Laboratory Manual /
Remainder of title Anatomy and Physiology; the unity of form and function
Statement of responsibility, etc. Eric Wise
250 ## - EDITION STATEMENT
Edition statement 3rd ed.
260 ## - PUBLICATION, DISTRIBUTION, ETC.
Place of publication, distribution, etc. Boston
Name of publisher, distributor, etc. McGraw Hill Higher Education
Date of publication, distribution, etc. 2004
300 ## - PHYSICAL DESCRIPTION
Extent x.580p.
Other physical details ill. color
Dimensions 27.5cm
942 ## - ADDED ENTRY ELEMENTS (KOHA)
Source of classification or shelving scheme Library of Congress Classification
Koha item type Books
Edition 3rd ed.
Suppress in OPAC No
999 ## -
-- 2297
-- 2297
Holdings
Withdrawn status Lost status Source of classification or shelving scheme Damaged status Not for loan Collection Home library Current library Shelving location Date acquired Total checkouts Full call number Barcode Date last seen Copy number Price effective from Koha item type
    Library of Congress Classification     Non-fiction Science Library (Miotso) Science Library (Miotso) General stacks 12/15/2024   QP34.5 .S23 WIS SLM00001634 12/15/2024 1 12/15/2024 Books
    Library of Congress Classification     Non-fiction Science Library (Miotso) Science Library (Miotso) General stacks 12/17/2024   QP34.5 .S23 WIS SLM00001667 12/17/2024 2 12/17/2024 Books
© 2023-2024 Copyright: Central University Libraries. All Rights Reserved | Created by: Mahone Tech Office